书目信息 |
| 题名: |
德语阅读教程
|
|
| 作者: | 吴江 编著 | |
| 分册: | 中级 | |
| 出版信息: | 北京 外语教学与研究出版社 2002 |
|
| 页数: | 350页 | |
| 开本: | 20cm | |
| 丛书名: | ||
| 单 册: | ||
| 中图分类: | H339.4 | |
| 科图分类: | ||
| 主题词: | 德语--阅读教学--高等学校--教材 , CT--S012710--德语 , CT--S092168--阅读教学 | |
| 电子资源: | ||
| ISBN: | 7-5600-2615-X | |
| 000 | 00942nam0 2200277 450 | |
| 001 | 002212485 | |
| 005 | 20030130154053.0 | |
| 010 | @a7-5600-2615-X@dCNY16.90 | |
| 035 | @a002212485 | |
| 100 | @a20021217d2002 em y0chiy0110 ea | |
| 101 | 0 | @ager@gchi |
| 102 | @aCN@b110000 | |
| 105 | @aa z 000yy | |
| 106 | @ar | |
| 200 | 1 | @a德语阅读教程@Ade yu yue du jiao cheng@i中级@Izhong ji@f吴江编著@Fwu jiang bian zhu |
| 210 | @a北京@c外语教学与研究出版社@d2002 | |
| 215 | @a350页@c插图@d20cm | |
| 330 | @a本书由20个单元组成,每个单元各围绕一个主题选取4篇文章,课文前设有引导问题,课后安排了适量练习,部分课文后还附有精选的背景材料。 | |
| 510 | 1 | @aLeseverstandnis fur Fortgeschrittene@zger |
| 606 | 0 | @a德语@x阅读教学@x高等学校@j教材 |
| 606 | 0 | @2CT@3S012710@a德语 |
| 606 | 0 | @2CT@3S092168@a阅读教学 |
| 690 | @aH339.4@v4 | |
| 701 | 0 | @a吴江@Awu jiang@4编著 |
| 801 | 0 | @aCN@bNLC@c20030131 |
| 905 | @dH339.4@e110:2 @f3 | |
| 德语阅读教程.中级/吴江编著.-北京:外语教学与研究出版社,2002 |
| 350页:插图;20cm |
| ISBN 7-5600-2615-X:CNY16.90 |
| 本书由20个单元组成,每个单元各围绕一个主题选取4篇文章,课文前设有引导问题,课后安排了适量练习,部分课文后还附有精选的背景材料。 |
| ● |
| 相关链接 |
|
|
|
|
正题名:德语阅读教程
索取号:H339.4/110:2
 
预约/预借
| 序号 | 登录号 | 条形码 | 馆藏地/架位号 | 状态 | 备注 |
| 1 | 0764683 | 207646831 | 第二样本阅览室/ [索取号:H339.4/110:2] | 在馆 | |
| 2 | 0777541 | 207775415 | 密集书库/ [索取号:H339.4/110:2] | 在馆 | |
| 3 | 0778363 | 207783638 | 密集书库/ [索取号:H339.4/110:2] | 在馆 | |
| 4 | 0779096 | 207790960 | 密集书库/ [索取号:H339.4/110:2] | 在馆 | |
| 5 | 0779308 | 207793084 | 密集书库/ [索取号:H339.4/110:2] | 在馆 | |
| 6 | 0852137 | 208521376 | 第四借阅区/ [索取号:H339.4/110:2] | 在馆 | |
| 7 | 0852138 | 208521385 | 第四借阅区/ [索取号:H339.4/110:2] | 在馆 | |
| 8 | 0852139 | 208521394 | 第四借阅区/ [索取号:H339.4/110:2] | 在馆 |